Wyposażenie kościoła - Statystyki

Ogólne statystyki
  • Ten quiz został rozwiązany 115 razy
    110 od ostatniego zresetowania
  • Średni wynik to 11 z 14
Statystyki odpowiedzi
Obrazkowy Odpowiedź % Poprawnych
Kielich
95%
Krzyż
95%
Ołtarz
93%
Dzwon
92%
Organy
92%
Koszyk
87%
Witraż
87%
Konfesjonał
85%
Kadzidło
82%
Monstrancja
67%
Gong
62%
Mszał
60%
Świecznik
51%
Bursa
21%
Nie znaleziono quizów pasujących do podanych kryteriów
Rozkład punktacji
Procent ludzi z każdym wynikiem
Percentyl według liczby udzielonych odpowiedzi
Twoja historia wyników
Nie rozwiązałeś tego quizu od ostatniego zresetowania